Consideraciones cristianas para todos los días del año, con los evangelios de los domingos

Detalles Bibliográficos
Autor principal: CRASSET, Juan
Formato: Libro
Publicado: París/México 1840
Materias:
Colección:Banco de datos
Acervo:Biblioteca del Ex Convento de Nuestra Señora de Guadalupe. Zacatecas
Descripción Física:t. I
Tema general:Homilética
Notas:Buena. X,10,20(3307). Impresa también en México, en la librería de Galván. Sin marca de fuego
LEADER 00852nam a22002050004500
035 |a 42286 
036 |a 3470 
100 1 |a CRASSET, Juan 
245 1 0 |a Consideraciones cristianas para todos los días del año, con los evangelios de los domingos  |c tr. Simón López 
260 |a París/México  |b ed. Librería de Rosa, imp. Schneider y Langrand  |c 1840 
300 |a t. I 
500 |a Buena. X,10,20(3307). Impresa también en México, en la librería de Galván. Sin marca de fuego 
650 1 0 |a Homilética 
949 |a CRZ-CG 
959 |a Ex convento de Nuestra Señora de Guadalupe, Museo Regional de Zacatecas, Zacatecas  |b CCC4 
960 |a Convento de Nuestra Señora de Guadalupe, Zacatecas  |b DD87 
961 |a Franciscana  |b OF 
942 |c CRZ-CG 
943 |g Biblioteca del Ex Convento de Nuestra Señora de Guadalupe. Zacatecas 
999 |c 966413  |d 966413